000 00987nas a2200325 4500
001 BR2014005464
003 BR-BrBNA
005 20231205124438.0
007 ta
008 230509b bl.|||p| |||| 00| 00por d
040 _aBR-BrBNA
_bpor
_cBiblioteca Nacional de Agricultura
041 _a(Pt)
072 _aL02
100 1 _aCosta, V.G. da
100 1 _aRocha, M.G. da
100 1 _aPötter, L.
100 1 _aRoso, D.
100 1 _aRosa, A.T.N. da
100 1 _aReis, J. dos
245 1 _aComportamento de pastejo e ingestão de forragem por novilhas de corte em pastagens de milheto e papuã
650 _aNOVILHO DE CORTE
650 _aMILHETO
650 _aFORRAGEM
650 _aINGESTÃO
650 _aPASTEJO
773 0 _tRevista Brasileira de Zootecnia (Brazil)
_xISSN 1806-9290
_g(Feb 2011), v. 40(2) p. 251-259
_wBR2014005464
856 4 0 _uhttp://www.scielo.br/pdf/rbz/v40n2/04.pdf
909 _a202311
_bLúcia
_c55
_dLúcia Elande
942 _2AGRIS
_n0
_cANA
999 _c239122
_d239122